000 00583nam a22001817a 4500
008 150511b xxu||||| |||| 00| 0 eng d
020 _a9780077331214 (spiral : alk. paper)
020 _a0077331214 (spiral : alk. paper)
041 0 _aeng
080 _a004
100 _aStewart, Kathleen,
_d1951-
245 _aMicrosoft Office Excel 2010 :
_cKathleen Stewart.
260 _aNew York :
_bMcGraw-Hill,
_cc2011.
300 _a775 f
_bme il
_c28 cm.
650 0 _aBusiness
_xProgramet kompjuterike
650 0 _aElectronic spreadsheets.
942 _2udc
_cBK
999 _c732
_d732